[Event "Stay Safe Play From Home 385"]
[Site "Emanuel Lasker Arena"]
[Date "2020.08.16"]
[Round "7"]
[White "Rogan"]
[Black "Hickey"]
[Result "1-0"]
[WhiteElo "2207"]
[BlackElo "2185"]
[Annotator "TA"]
[PlyCount "85"]
[EventDate "2020.08.16"]
[EventType "swiss (blitz)"]

{[%evp 9,84,-14,-6,-30,-12,-20,-10,-22,-17,-33,14,-33,7,-48,-20,-10,-8,-16,-3,-10,0,0,-6,-31,-35,-41,6,4,11,0,0,0,0,0,6,0,10,0,733,719,1076,1067,1059,1043,1110,1072,1026,946,1047,1014,6311,5306,6423,6411,6337,6395,5589,5502,5289,5289,11218,12449,6391,6219,29989,29990,29990,29990,29990,29991,29991,29992,29995,29996,29998,29999,29999]} 1. d4 Nf6 2. c3 e6 3. Nf3 Be7 4. Bg5 O-O 5. Bxf6 Bxf6 6. e3 {A46: 1 d4 Nf6 2 Nf3 e6: Torre, London and Colle Systems.} d5 7. Bd3 c5 8. Qc2 {[#] The position is equal.} h6 $146 ({Predecessor:} 8... g6 9. O-O b6 10. h4 h5 11. Nbd2 Bg7 12. Bxg6 fxg6 13. Qxg6 Qe8 14. Qxe8 Rxe8 {0-1 (14) Pena,R-Camargo,S (1990) Bogota 2011}) 9. Nbd2 b6 10. O-O Ba6 (10... Qc7 {is more complex.} 11. e4 Bb7 12. Rfe1 Nc6 13. Rac1 Rfc8) 11. Ne5 (11. Bxa6 $11 Nxa6 12. Rae1) 11... Bxd3 (11... Bxe5 $5 12. dxe5 Bxd3 13. Qxd3 Nd7 $15) 12. Nxd3 Nd7 13. f4 Qc7 14. Nf3 Rac8 15. Nde5 Nxe5 16. fxe5 Be7 17. g3 f5 18. exf6 Bxf6 19. Kg2 e5 20. dxe5 Bxe5 21. Rad1 Rcd8 $1 22. Qg6 {Black must now prevent Qe6+.} Rf6 23. Qg4 Rfd6 $2 {[%mdl 8192] Black is on the road to losing.} (23... Qe7 $11) 24. Nxe5 $18 d4 25. Rf7 Qxf7 26. Nxf7 Kxf7 27. exd4 Rf6 28. Rf1 cxd4 29. Rxf6+ Kxf6 30. cxd4 {[%mdl 4096] Endgame KQ-KR} Rd5 31. Qf4+ Ke6 32. Qe4+ Kd6 33. Qg6+ Kc7 34. Qxg7+ Kc6 35. Qxh6+ Kb5 36. Qe3 Kc4 37. Qc3+ {White mates.} Kb5 {[#]} 38. a4+ $1 {[%mdl 64] Deflection, Decoy} Kxa4 39. Qc4+ {[%mdl 64] Double Attack} Ka5 40. Qxd5+ b5 {[#]} 41. Qc5 $1 a6 42. d5 Ka4 43. Qa3# {Accuracy: White = 84%, Black = 61%.} 1-0

[Event "Stay Safe Play From Home 385"]
[Site "Emanuel Lasker Arena"]
[Date "2020.08.16"]
[Round "7"]
[White "Buzaglo"]
[Black "Don59as"]
[Result "0-1"]
[WhiteElo "1903"]
[BlackElo "2058"]
[Annotator "NA"]
[PlyCount "90"]
[EventDate "2020.08.16"]
[EventType "swiss (blitz)"]

1. d4 {[%emt 0:00:01]} d5 {[%emt 0:00:01]} 2. Nf3 {[%emt 0:00:00]} e6 {[%emt 0:00:00]} 3. g3 {[%emt 0:00:00]} Nf6 {[%emt 0:00:01]} 4. Bg2 {[%emt 0:00:00]} Be7 {[%emt 0:00:00]} 5. O-O {[%emt 0:00:00]} O-O {[%emt 0:00:00]} 6. Bf4 {[%emt 0:00:02]} Nbd7 {[%emt 0:00:00]} 7. c4 {[%emt 0:00:01]} c5 {[%emt 0:00:00]} 8. cxd5 {[%emt 0:00:01]} exd5 {[%emt 0:00:00]} 9. dxc5 {[%emt 0:00:01]} Nxc5 {[%emt 0:00:00]} 10. Nc3 {[%emt 0:00:01]} b6 {[%emt 0:00:00]} 11. Ne5 {[%emt 0:00:02]} Bb7 {[%emt 0:00:00]} 12. Rc1 {[%emt 0:00:04]} Nfe4 {[%emt 0:00:01]} 13. Nxe4 {[%emt 0:00:02]} dxe4 {[%emt 0:00:00]} 14. Qxd8 {[%emt 0:00:03]} Rfxd8 {[%emt 0:00:00]} 15. b4 {[%emt 0:00:04]} Ne6 {[%emt 0:00:01]} 16. Be3 {[%emt 0:00:01]} Bxb4 {[%emt 0:00:02]} 17. Nc6 {[%emt 0:00:04]} Bxc6 {[%emt 0:00:01]} 18. Rxc6 {[%emt 0:00:00]} Rac8 {[%emt 0:00:07]} 19. Rxc8 {[%emt 0:00:02]} Rxc8 {[%emt 0:00:00]} 20. Bxe4 {[%emt 0:00:00]} Nc5 {[%emt 0:00:01]} 21. Bxc5 {[%emt 0:00:02]} Bxc5 {[%emt 0:00:02]} 22. Rd1 {[%emt 0:00:00]} g6 {[%emt 0:00:01]} 23. e3 {[%emt 0:00:02]} Rc7 {[%emt 0:00:01]} 24. Rd8+ {[%emt 0:00:02]} Kg7 {[%emt 0:00:01]} 25. Rd2 {[%emt 0:00:01]} f5 {[%emt 0:00:01]} 26. Bf3 {[%emt 0:00:01]} Kf6 {[%emt 0:00:00]} 27. Kg2 {[%emt 0:00:01]} g5 {[%emt 0:00:00]} 28. h3 {[%emt 0:00:01]} h6 {[%emt 0:00:01]} 29. Rd3 {[%emt 0:00:04]} a5 {[%emt 0:00:00]} 30. Rb3 {[%emt 0:00:01]} a4 {[%emt 0:00:01]} 31. Rd3 {[%emt 0:00:01]} a3 {[%emt 0:00:00]} 32. Bd5 {[%emt 0:00:02]} Ke5 {[%emt 0:00:01]} 33. Bb3 {[%emt 0:00:01]} f4 {[%emt 0:00:02]} 34. gxf4+ {[%emt 0:00:03]} gxf4 {[%emt 0:00:00]} 35. exf4+ {[%emt 0:00:01]} Kxf4 {[%emt 0:00:01]} 36. Rf3+ {[%emt 0:00:00]} Ke5 {[%emt 0:00:01]} 37. Rf8 {[%emt 0:00:01]} Rg7+ {[%emt 0:00:01]} 38. Kf3 {[%emt 0:00:01]} Rg6 {[%emt 0:00:01]} 39. Re8+ {[%emt 0:00:01]} Kd6 {[%emt 0:00:01]} 40. Re4 {[%emt 0:00:01]} Rf6+ {[%emt 0:00:01]} 41. Rf4 {[%emt 0:00:00]} Rg6 {[%emt 0:00:01]} 42. Rg4 {[%emt 0:00:01]} Rf6+ {[%emt 0:00:01]} 43. Rf4 {[%emt 0:00:01]} Ke5 {[%emt 0:00:03]} 44. Rxf6 {[%emt 0:00:01]} Kxf6 {[%emt 0:00:00]} 45. Kg4 {[%emt 0:00:00]} Bxf2 {[%emt 0:00:01] Time Time Time (Lag: Av=0.71s, max=1.1s) (Lag: Av=0.71s, max=1.1s) (Lag: Av=0.71s, max=1.1s)} 0-1

[Event "Stay Safe Play From Home 385"]
[Site "Emanuel Lasker Arena"]
[Date "2020.08.16"]
[Round "7"]
[White "Grizzzly"]
[Black "Strelka6"]
[Result "1-0"]
[WhiteElo "1844"]
[BlackElo "1870"]
[Annotator "NA"]
[PlyCount "99"]
[EventDate "2020.08.16"]
[EventType "swiss (blitz)"]

{- vera, Domingo} 1. d4 {[%emt 0:00:02]} d5 {[%emt 0:00:01]} 2. c4 {[%emt 0:00:00]} c6 {[%emt 0:00:01]} 3. cxd5 {[%emt 0:00:02]} cxd5 {[%emt 0:00:00]} 4. Nc3 {[%emt 0:00:00]} Nf6 {[%emt 0:00:01]} 5. Nf3 {[%emt 0:00:00]} e6 {[%emt 0:00:00]} 6. Bf4 {[%emt 0:00:01]} Be7 {[%emt 0:00:00]} 7. e3 {[%emt 0:00:01]} a6 {[%emt 0:00:01]} 8. Bd3 {[%emt 0:00:00]} O-O {[%emt 0:00:00]} 9. O-O {[%emt 0:00:00]} Nh5 {[%emt 0:00:00]} 10. Bg3 {[%emt 0:00:01]} Nxg3 {[%emt 0:00:01]} 11. hxg3 {[%emt 0:00:00]} Nc6 {[%emt 0:00:00]} 12. Qe2 {[%emt 0:00:01]} Nb4 {[%emt 0:00:02]} 13. Rac1 {[%emt 0:00:00]} Nxd3 {[%emt 0:00:01]} 14. Qxd3 {[%emt 0:00:00]} a5 {[%emt 0:00:01]} 15. Ne5 {[%emt 0:00:00]} b6 {[%emt 0:00:01]} 16. f4 {[%emt 0:00:00]} Ba6 {[%emt 0:00:01]} 17. Nb5 {[%emt 0:00:02]} Qe8 {[%emt 0:00:01]} 18. a4 {[%emt 0:00:01]} Rc8 {[%emt 0:00:01]} 19. Rxc8 {[%emt 0:00:02]} Qxc8 {[%emt 0:00:00]} 20. Qd2 {[%emt 0:00:03]} f6 {[%emt 0:00:01]} 21. Rc1 {[%emt 0:00:02]} Qe8 {[%emt 0:00:02]} 22. Nc6 {[%emt 0:00:02]} Bb7 {[%emt 0:00:02]} 23. Nxe7+ {[%emt 0:00:01]} Qxe7 {[%emt 0:00:00]} 24. Rc7 {[%emt 0:00:02]} Qb4 {[%emt 0:00:04]} 25. Qxb4 {[%emt 0:00:01]} axb4 {[%emt 0:00:00]} 26. Rxb7 {[%emt 0:00:01]} Rc8 {[%emt 0:00:00]} 27. Rc7 {[%emt 0:00:03]} Rxc7 {[%emt 0:00:01]} 28. Nxc7 {[%emt 0:00:01]} Kf7 {[%emt 0:00:01]} 29. Nb5 {[%emt 0:00:01]} Ke7 {[%emt 0:00:01]} 30. Kf2 {[%emt 0:00:00]} Kd7 {[%emt 0:00:01]} 31. Ke2 {[%emt 0:00:00]} Kc6 {[%emt 0:00:01]} 32. Kd3 {[%emt 0:00:01]} g6 {[%emt 0:00:02]} 33. e4 {[%emt 0:00:01]} dxe4+ {[%emt 0:00:01]} 34. Kxe4 {[%emt 0:00:00]} Kd7 {[%emt 0:00:01]} 35. d5 {[%emt 0:00:01]} Ke7 {[%emt 0:00:01]} 36. d6+ {[%emt 0:00:01]} Kd7 {[%emt 0:00:00]} 37. Kd4 {[%emt 0:00:01]} Kc6 {[%emt 0:00:00]} 38. Kc4 {[%emt 0:00:00]} h6 {[%emt 0:00:02]} 39. Kxb4 {[%emt 0:00:00]} g5 {[%emt 0:00:01]} 40. Kc4 {[%emt 0:00:03]} gxf4 {[%emt 0:00:01]} 41. gxf4 {[%emt 0:00:03]} h5 {[%emt 0:00:01]} 42. b4 {[%emt 0:00:01]} h4 {[%emt 0:00:01]} 43. a5 {[%emt 0:00:01]} bxa5 {[%emt 0:00:00]} 44. bxa5 {[%emt 0:00:01]} f5 {[%emt 0:00:02]} 45. a6 {[%emt 0:00:00]} Kb6 {[%emt 0:00:01]} 46. d7 {[%emt 0:00:01]} Kxa6 {[%emt 0:00:00]} 47. d8=Q {[%emt 0:00:02]} e5 {[%emt 0:00:00]} 48. Qd6+ {[%emt 0:00:01]} Kb7 {[%emt 0:00:02]} 49. Qc7+ {[%emt 0:00:01]} Ka6 {[%emt 0:00:01]} 50. Qa7# {[%emt 0:00:01] (Lag: Av=0.41s, max=1.0s) (Lag: Av=0.41s, max=1.0s) (Lag: Av=0.41s, max=1.0s)} 1-0

[Event "Stay Safe Play From Home 385"]
[Site "Emanuel Lasker Arena"]
[Date "2020.08.16"]
[Round "7"]
[White "Roefe Detlef"]
[Black "Mamba2001de"]
[Result "0-1"]
[WhiteElo "1588"]
[BlackElo "1458"]
[Annotator "NA"]
[PlyCount "78"]
[EventDate "2020.08.16"]
[EventType "swiss (blitz)"]

1. e4 {[%emt 0:00:01]} e6 {[%emt 0:00:01]} 2. Nc3 {[%emt 0:00:00]} d5 {[%emt 0:00:01]} 3. exd5 {[%emt 0:00:03]} exd5 {[%emt 0:00:01]} 4. g3 {[%emt 0:00:03]} d4 {[%emt 0:00:01]} 5. Nce2 {[%emt 0:00:02]} c5 {[%emt 0:00:01]} 6. Bg2 {[%emt 0:00:01]} Nc6 {[%emt 0:00:00]} 7. d3 {[%emt 0:00:01]} Nf6 {[%emt 0:00:01]} 8. Bf4 {[%emt 0:00:01]} Be6 {[%emt 0:00:02]} 9. h3 {[%emt 0:00:00]} Bd6 {[%emt 0:00:02]} 10. Nf3 {[%emt 0:00:00]} Bxf4 {[%emt 0:00:01]} 11. Nxf4 {[%emt 0:00:01]} O-O {[%emt 0:00:01]} 12. O-O {[%emt 0:00:01]} Re8 {[%emt 0:00:01]} 13. Qd2 {[%emt 0:00:01]} Qd7 {[%emt 0:00:01]} 14. Kh2 {[%emt 0:00:02]} Nd5 {[%emt 0:00:01]} 15. Nxd5 {[%emt 0:00:01]} Bxd5 {[%emt 0:00:01]} 16. Rae1 {[%emt 0:00:02]} Rad8 {[%emt 0:00:02]} 17. b3 {[%emt 0:00:02]} a6 {[%emt 0:00:02]} 18. Qg5 {[%emt 0:00:05]} h6 {[%emt 0:00:02]} 19. Qh4 {[%emt 0:00:02]} Qf5 {[%emt 0:00:04]} 20. g4 {[%emt 0:00:03]} Qf4+ {[%emt 0:00:03]} 21. Qg3 {[%emt 0:00:00]} Qxg3+ {[%emt 0:00:01]} 22. fxg3 {[%emt 0:00:00]} Rxe1 {[%emt 0:00:01]} 23. Rxe1 {[%emt 0:00:02]} Be6 {[%emt 0:00:01]} 24. Ne5 {[%emt 0:00:02]} Nb4 {[%emt 0:00:01]} 25. Re2 {[%emt 0:00:02]} Bd5 {[%emt 0:00:03]} 26. Nc4 {[%emt 0:00:01]} Bxg2 {[%emt 0:00:02]} 27. Kxg2 {[%emt 0:00:00]} Nc6 {[%emt 0:00:02]} 28. a4 {[%emt 0:00:02]} b5 {[%emt 0:00:01]} 29. axb5 {[%emt 0:00:01]} axb5 {[%emt 0:00:00]} 30. Nb6 {[%emt 0:00:02]} Kf8 {[%emt 0:00:01]} 31. c4 {[%emt 0:00:08]} Re8 {[%emt 0:00:01]} 32. Rxe8+ {[%emt 0:00:02]} Kxe8 {[%emt 0:00:01]} 33. cxb5 {[%emt 0:00:01]} Nb4 {[%emt 0:00:01]} 34. Nc4 {[%emt 0:00:00]} Nxd3 {[%emt 0:00:01]} 35. h4 {[%emt 0:00:02]} Nb4 {[%emt 0:00:01]} 36. Kf3 {[%emt 0:00:01]} Kd7 {[%emt 0:00:01]} 37. g5 {[%emt 0:00:01]} hxg5 {[%emt 0:00:01]} 38. hxg5 {[%emt 0:00:00]} Nd5 {[%emt 0:00:01]} 39. Ke4 {[%emt 0:00:00]} Nc7 {[%emt 0:00:01] Zeit Zeit Zeit (Lag: Av=0.23s, max=0.6s) (Lag: Av=0.23s, max=0.6s) (Lag: Av=0.23s, max=0.6s)} 0-1

[Event "Stay Safe Play From Home 385"]
[Site "Emanuel Lasker Arena"]
[Date "2020.08.16"]
[Round "7"]
[White "Gattopardo"]
[Black "Gibiz144"]
[Result "0-1"]
[WhiteElo "1151"]
[BlackElo "1590"]
[Annotator "NA"]
[PlyCount "58"]
[EventDate "2020.08.16"]
[EventType "swiss (blitz)"]

1. e4 {[%emt 0:00:02]} e6 {[%emt 0:00:01]} 2. Nf3 {[%emt 0:00:01]} b6 {[%emt 0:00:00]} 3. e5 {[%emt 0:00:01]} Bb7 {[%emt 0:00:01]} 4. d4 {[%emt 0:00:01]} Ne7 {[%emt 0:00:00]} 5. c3 {[%emt 0:00:01]} g6 {[%emt 0:00:01]} 6. Bd3 {[%emt 0:00:02]} Bg7 {[%emt 0:00:01]} 7. O-O {[%emt 0:00:02]} h6 {[%emt 0:00:01]} 8. Qe2 {[%emt 0:00:01]} d5 {[%emt 0:00:01]} 9. c4 {[%emt 0:00:02]} dxc4 {[%emt 0:00:01]} 10. Bxc4 {[%emt 0:00:01]} a6 {[%emt 0:00:00]} 11. Be3 {[%emt 0:00:01]} O-O {[%emt 0:00:01]} 12. Nc3 {[%emt 0:00:01]} Nd5 {[%emt 0:00:01]} 13. Bxd5 {[%emt 0:00:01]} exd5 {[%emt 0:00:01]} 14. Rac1 {[%emt 0:00:04]} Nd7 {[%emt 0:00:01]} 15. b4 {[%emt 0:00:01]} Qe7 {[%emt 0:00:02]} 16. a3 {[%emt 0:00:01]} Rac8 {[%emt 0:00:01]} 17. Na4 {[%emt 0:00:02]} b5 {[%emt 0:00:02]} 18. Nc5 {[%emt 0:00:01]} Nxc5 {[%emt 0:00:01]} 19. bxc5 {[%emt 0:00:01]} Bc6 {[%emt 0:00:01]} 20. a4 {[%emt 0:00:03]} bxa4 {[%emt 0:00:02]} 21. Qxa6 {[%emt 0:00:01]} Qd7 {[%emt 0:00:02]} 22. Nd2 {[%emt 0:00:04]} Bb5 {[%emt 0:00:02]} 23. Qa5 {[%emt 0:00:04]} Bxf1 {[%emt 0:00:01]} 24. Nxf1 {[%emt 0:00:01]} Ra8 {[%emt 0:00:01]} 25. Qb4 {[%emt 0:00:03]} Rfb8 {[%emt 0:00:01]} 26. Qc3 {[%emt 0:00:03]} a3 {[%emt 0:00:01]} 27. Ra1 {[%emt 0:00:01]} a2 {[%emt 0:00:02]} 28. Bc1 {[%emt 0:00:02]} Rb1 {[%emt 0:00:01]} 29. Bb2 {[%emt 0:00:02]} Qb5 {[%emt 0:00:03] TimeW TimeW TimeW} 0-1

[Event "Stay Safe Play From Home 385"]
[Site "Emanuel Lasker Arena"]
[Date "2020.08.16"]
[Round "8"]
[White "Rogan"]
[Black "MihailoVujic"]
[Result "0-1"]
[WhiteElo "2223"]
[BlackElo "2268"]
[Annotator "TA"]
[PlyCount "60"]
[EventDate "2020.08.16"]
[EventType "swiss (blitz)"]

{[%evp 9,59,0,0,0,0,0,0,-1,4,0,-4,5,20,2,22,0,44,56,50,0,0,1,34,5,14,0,10,-18,8,8,13,15,8,6,18,6,14,0,0,-163,29,23,242,252,239,-29982,-29983,-29983,-29984,-29997,-29998,-29999]} 1. d4 Nc6 2. c3 e5 3. dxe5 Nxe5 4. Nf3 Nxf3+ 5. exf3 d5 6. Bd3 {A40: Unusual replies to 1 d4.} Nf6 7. O-O {[#]} Be7 $146 ({Predecessor:} 7... Bd6 8. Re1+ Be6 9. Bg5 O-O 10. Nd2 c6 11. Qc2 h6 12. Bh4 Be7 13. Bxf6 Bxf6 {1-0 (71) Bachran,B (1956)-Phillips,R ICC INT 2009}) 8. Re1 {The position is equal.} O-O 9. Bg5 h6 10. Bh4 c5 11. Qc2 Be6 (11... c4 {with more complications.} 12. Bf1 b5 13. Na3 Rb8 14. Qd2 b4) 12. Bf5 Qd7 13. Bxe6 fxe6 14. Nd2 Rae8 15. Rad1 Nh5 16. Bxe7 (16. Bg3 $5) 16... Qxe7 17. c4 d4 18. Ne4 Nf4 19. b4 b6 20. bxc5 bxc5 21. Qb2 e5 22. Qa3 Rc8 23. Qa6 Qf7 24. Qd6 $2 {[#]} (24. Rb1 $11) 24... Rce8 $2 (24... Qxc4 $19 25. h4 Qxa2 26. Qxe5 Qd5 27. Qxd5+ Nxd5) 25. Qxc5 $11 Nxg2 $2 (25... Re6 $11) 26. Kxg2 $18 Qxf3+ 27. Kf1 $4 {[%mdl 8192]} (27. Kg1 $18) 27... Qh1+ {[%mdl 64] [#] Double Attack. Black mates.} 28. Ke2 Qxe4+ 29. Kd2 Rxf2+ {[%mdl 64] Double Attack} 30. Kc1 Qc2# {Accuracy: White = 72%, Black = 62%.} 0-1

[Event "Stay Safe Play From Home 385"]
[Site "Emanuel Lasker Arena"]
[Date "2020.08.16"]
[Round "8"]
[White "Hickey"]
[Black "Roefe Detlef"]
[Result "1-0"]
[WhiteElo "2169"]
[BlackElo "1514"]
[Annotator "TA"]
[PlyCount "69"]
[EventDate "2020.08.16"]
[EventType "swiss (blitz)"]

{[%evp 16,69,14,17,28,0,52,47,60,60,129,126,172,6,9,9,22,5,11,6,208,2,84,71,402,400,526,506,517,386,386,386,366,-1096,-492,-522,220,231,234,239,242,-256,317,320,308,309,281,121,647,613,612,600,609,596,598,233]} 1. Nf3 d5 2. g3 e5 3. Bg2 Nc6 4. d3 Bd6 5. O-O Nge7 6. c4 O-O 7. cxd5 Nxd5 8. Nc3 Nxc3 9. bxc3 Be6 {A29: English Opening: Four Knights Variation with 4 g3.} 10. e4 h6 ({Black should play} 10... Qe7 $11) 11. d4 $14 {[#] d5 is the strong threat.} exd4 $146 {White is slightly better.} ({Predecessor:} 11... Bc4 12. Re1 Qf6 13. d5 Ne7 14. Be3 b5 15. a4 b4 16. Qc2 b3 17. Qb2 Rfb8 {0-1 (40) Bakshi,R (1589)-Gollnick,R (1394) Dortmund 2012}) 12. cxd4 {Threatens to win with d5.} Bd7 ({Better is} 12... Na5 $14) 13. Bb2 Be7 14. e5 $2 (14. d5 $18) 14... Be6 $11 15. Qe2 Nb4 16. Rfd1 Nd5 17. Nd2 c5 $2 {[#]} (17... Qd7 $11 {and Black is okay.}) 18. Ne4 $2 (18. dxc5 $1 $18 {Hoping for Nc4.} Qc7 19. Ne4) 18... cxd4 (18... c4 $1 $11) 19. Rxd4 $16 b6 $2 {[%mdl 8192]} (19... Qb6 $16) 20. Rad1 $18 Bc5 21. R4d2 Qe7 22. Rxd5 Bxd5 23. Rxd5 {And now Nf6+! would win.} Rfd8 24. Qe3 $4 {[%mdl 8192]} (24. Nxc5 $18 bxc5 25. e6) 24... Rxd5 (24... Bxe3 $142 25. Nd6 Bc5) 25. Qe2 Rd1+ $4 {[%mdl 8192]} (25... Rad8 $19 {and all is fine.} 26. Bf3 Ba3) 26. Qxd1 Rd8 27. Qe2 Bd4 28. Nd6 $4 {[%mdl 8192]} (28. Bxd4 $18 Rxd4 29. Nc3) 28... Qxe5 $4 {[%mdl 8192]} (28... Rxd6 $1 $19 29. Ba3 {[%mdl 64] Pin} (29. Qe4 $2 Bxf2+ 30. Kf1 Rd1+ 31. Kxf2 Rd2+ {[%mdl 64] Double Attack} 32. Kf3 Rxb2 $19) 29... Bc5 30. Bxc5 bxc5) 29. Qxe5 Bxe5 30. Bxe5 f6 31. Bf4 (31. Bd5+ $18 Kh7 32. f4) 31... Rd7 $2 {[%mdl 8192]} (31... g5 $16) 32. Bd5+ {White is clearly winning.} Kh7 33. Be6 Rd8 34. Bf5+ g6 35. Be6 $2 {Never resign too early! Accuracy: White = 46%, Black = 28%.} (35. Bc2) 1-0

[Event "Stay Safe Play From Home 385"]
[Site "Emanuel Lasker Arena"]
[Date "2020.08.16"]
[Round "8"]
[White "Lazieri3"]
[Black "Buzaglo"]
[Result "1-0"]
[WhiteElo "2119"]
[BlackElo "1893"]
[Annotator "TA"]
[PlyCount "81"]
[EventDate "2020.08.16"]
[EventType "swiss (blitz)"]

{[%evp 9,80,104,130,89,93,87,93,109,198,64,80,51,53,-78,30,22,79,69,123,41,188,45,166,169,161,134,183,134,136,112,172,120,191,176,235,173,233,216,302,264,445,193,512,516,527,414,393,400,408,385,597,589,934,486,477,479,474,464,467,402,397,172,589,514,1895,1937,1495,1623,991,571,1110,970,29999]} 1. e4 e6 2. Nc3 d6 3. d4 c5 4. dxc5 dxc5 5. Qxd8+ Kxd8 {[#]} 6. Bc4 $146 {C01: French: Exchange Variation.} ({Predecessor:} 6. Nf3 Nd7 7. Be3 a6 8. a4 Ne7 9. O-O-O Ke8 10. Nd2 Nc6 11. f4 Nd4 12. e5 {1-0 (41) Sprinkhuizen,A (2356)-Leben,D (2359) ICCF email 2009}) 6... Nf6 7. Bf4 Nc6 8. O-O-O+ {White is better.} Ke7 (8... Nd7 $16 {was worth a try.} 9. Bb5 f6) 9. Bd6+ (9. Nf3 $18) 9... Ke8 $14 10. Bxf8 (10. Bg3 {seems wilder.} a6 11. a4 Bd7 12. Nf3 Nd4 13. Rhe1) 10... Kxf8 11. Nb5 (11. f4 $14 {keeps the upper hand.}) 11... g6 (11... Nxe4 $17 12. Nh3 a6) 12. Nd6 $11 Kg7 (12... Ng4 $11) 13. f4 $16 Bd7 (13... Rd8 $14) 14. h3 (14. Nf3 $16) 14... Nd4 {[#]} (14... Na5 $1 $14) 15. Nf3 (15. c3 $1 $18) 15... a6 (15... Nxf3 $14 16. gxf3 Bc6) 16. Nxd4 cxd4 17. Rxd4 b5 18. Bb3 Bc6 19. Rhd1 $36 {[%mdl 2048] White is in control.} a5 (19... Nh5 $16) 20. e5 (20. a4 $18 bxa4 21. Bxa4 Bxa4 22. Rxa4) 20... Nd5 (20... Ne8 $16 {is a better defense.}) 21. Bxd5 exd5 (21... Bxd5 $142 22. f5 (22. Nxb5 Bxg2 23. h4 Bf3 $16) 22... Rhb8) 22. b3 a4 (22... f6 $142 23. R1d3 b4) 23. Kd2 a3 24. Ke2 Rhe8 $2 (24... f6 25. R1d3 Rhb8) 25. Kf2 (25. Nxe8+ $142 Rxe8 26. R1d3) 25... h5 $2 (25... Re7 {is more resistant.} 26. R4d3 f6) 26. Nxe8+ $18 Bxe8 {[%mdl 4096] Endgame KRR-KRB} 27. c4 dxc4 28. bxc4 bxc4 29. Rxc4 Bb5 (29... Ba4 {keeps fighting.}) 30. Rc7 Rb8 31. Ra7 Bc4 32. Rxa3 Rb2+ 33. Kg3 Bxa2 34. Rd7 Be6 35. Re7 (35. Rd8 $142) 35... Rb6 $2 (35... Bd5 {is a better chance.} 36. Kh4 Rxg2) 36. Raa7 Kh6 (36... g5 $142 37. f5 {[%mdl 64] Deflection, Decoy} Bxf5 38. Rxf7+ {[%mdl 64] Double Attack} Kg6) 37. Rxf7 Bxf7 38. Rxf7 Rb3+ 39. Kh2 Rb4 40. g4 {[%csl Gf4][%cal Rg4g5] [#]} Re4 41. g5# {Accuracy: White = 33%, Black = 14%.} 1-0

[Event "Stay Safe Play From Home 385"]
[Site "Emanuel Lasker Arena"]
[Date "2020.08.16"]
[Round "8"]
[White "SelamiSahin"]
[Black "Mepe_Nika"]
[Result "0-1"]
[WhiteElo "2101"]
[BlackElo "2360"]
[Annotator "TA"]
[PlyCount "78"]
[EventDate "2020.08.16"]
[EventType "swiss (blitz)"]

{[%evp 9,78,-38,22,0,0,-35,12,15,59,63,62,60,54,52,52,56,73,66,59,65,120,58,54,17,79,53,54,21,25,27,53,45,49,40,39,41,49,43,41,43,56,53,56,-154,-154,-157,-152,-150,-153,-203,-162,-208,-211,-198,-198,-198,-198,-198,-191,-218,-198,-246,-246,-308,-312,-296,-340,-631,-617,-1239,-1171]} 1. d4 d5 2. c3 Nf6 3. Bf4 c5 4. e3 Nc6 5. Qb3 Qb6 (5... Nh5 $15) 6. Qxb6 {D00: 1 d4 d5: Unusual lines.} axb6 7. Bc7 cxd4 8. exd4 {[#] The position is equal.} Nd7 $146 ({Predecessor:} 8... Bf5 9. Nd2 Nd7 10. Ngf3 Rc8 11. Bg3 f6 12. Nh4 Be6 13. Bd3 Bf7 14. O-O e6 {0-1 (51) Vieira,A (1747)-Jordao Barbosa,M (2162) Natal 2019}) 9. Nf3 e6 10. Bd3 Be7 11. O-O O-O 12. Re1 Na7 13. Nbd2 b5 14. a3 Bd8 {[#]} (14... Nf6 $14) 15. Bd6 (15. Bxd8 $1 $16 Rxd8 16. a4) 15... Re8 $14 16. Ne5 Nxe5 (16... Nb6 $11 {remains equal.}) 17. Rxe5 Bd7 18. Nb3 Nc8 {[%cal Ba7c8,Bc8b6,Bb6c4,Bc4b2][%mdl 32]} 19. Bb4 Bf6 20. Re3 Nb6 21. Nc5 Bc6 22. f4 Nc4 23. Re2 b6 24. Nb3 g6 25. g3 Kg7 26. Nd2 $2 (26. Rb1 $14 {keeps the upper hand.}) 26... Nxb2 $17 27. Bc2 Nc4 28. Bd3 Be7 29. Bxc4 {[#] Threatens to win with Bb3.} bxc4 30. Kf2 Bxb4 31. cxb4 Ra4 32. Nb1 Rea8 33. Rea2 R4a7 34. Nc3 Ba4 35. Ke3 Bb3 36. Rb2 Rxa3 37. Rxa3 Rxa3 38. Kf2 $2 (38. Kd2) 38... Ba4 $19 39. Nb5 Bxb5 {Accuracy: White = 48%, Black = 78%.} 0-1